| 000 | 00598nam a2200181 a 4500 | ||
|---|---|---|---|
| 005 | 20241211063728.0 | ||
| 008 | 991125s1932 ea 000 0 eng u | ||
| 035 | _aUPN01000003067 | ||
| 049 | _aCG | ||
| 050 | 4 |
_aF1221 M38 _bS7.3 |
|
| 100 | 1 | _aSteggerda, Morris | |
| 245 | 1 | 0 |
_aAnthropometry of adult Maya indians : _ba study of their physical and physiological characteristics / _cby Morris Steggerda. |
| 260 |
_aWashington, D.C. : _bCarnegie Institutions of Washington, _c1932. |
||
| 300 |
_a113 p. : _bil. |
||
| 650 | 4 |
_aAntropometría _96478 |
|
| 650 | 4 |
_aMAYAS - _xANTROPOMETRIA |
|
| 905 | _aLibro | ||
| 999 |
_c3067 _d3067 |
||